Essence of wellness : (Record no. 5727)

MARC details
000 -LEADER
fixed length control field 00810nam a22002297a 4500
003 - CONTROL NUMBER IDENTIFIER
control field OSt
005 - DATE AND TIME OF LATEST TRANSACTION
control field 20251117150249.0
008 - FIXED-LENGTH DATA ELEMENTS--GENERAL INFORMATION
fixed length control field 251117b |||||||| |||| 00| 0 eng d
020 ## - INTERNATIONAL STANDARD BOOK NUMBER
International Standard Book Number 971-550-470-1.
040 ## - CATALOGING SOURCE
Original cataloging agency DWCL-Main lib
Transcribing agency OC
082 ## - DEWEY DECIMAL CLASSIFICATION NUMBER
Edition number Rev. ed.
Classification number FIL.616.89 Es78 2004
100 ## - MAIN ENTRY--PERSONAL NAME
Personal name Ortigas, Carmela D.*
245 ## - TITLE STATEMENT
Title Essence of wellness :
Remainder of title essays in the philippine clinical and counseling psychology rev. ed./
Statement of responsibility, etc. Ortigas, Carmela D.*
250 ## - EDITION STATEMENT
Edition statement Rev. ed.
260 ## - PUBLICATION, DISTRIBUTION, ETC.
Place of publication, distribution, etc. Quezon City :
Name of publisher, distributor, etc. ADMU Press,
Date of publication, distribution, etc. c2004.
300 ## - PHYSICAL DESCRIPTION
Extent xviii, 67 p. : ill. ; 23 cm.
Other physical details : ill. ;
Dimensions 23 cm.
504 ## - BIBLIOGRAPHY, ETC. NOTE
Bibliography, etc. note Includes bibliographical references.
650 ## - SUBJECT ADDED ENTRY--TOPICAL TERM
Topical term or geographic name entry element Clinical psychology-Philippines.
650 ## - SUBJECT ADDED ENTRY--TOPICAL TERM
Topical term or geographic name entry element Counseling-Philippines.
700 ## - ADDED ENTRY--PERSONAL NAME
Personal name Arellano-Carandang, MA. Lourdes.
942 ## - ADDED ENTRY ELEMENTS (KOHA)
Source of classification or shelving scheme Dewey Decimal Classification
Koha item type Book-Filipiniana
Edition Rev. ed.
Call number prefix Fil.
Suppress in OPAC No
952 ## - LOCATION AND ITEM INFORMATION (KOHA)
--
Holdings
Withdrawn status Lost status Source of classification or shelving scheme Damaged status Not for loan Home library Current library Shelving location Date acquired Source of acquisition Cost, normal purchase price Total Checkouts Full call number Barcode Date last seen Copy number Price effective from Koha item type Uniform Resource Identifier
    Dewey Decimal Classification     College Library College Library Filipiniana 08/19/2008 Donation 0.00   Fil. 616.89 Es78 2004 CL46120 11/17/2025 c1 11/17/2025 BK - FIL